000 00761nam a2200241Ia 4500
003 OSt
005 20220926025844.0
006 a|||||r|||| 00| 0
007 ta
008 220923b |||||||| |||| 00| 0 eng d
037 _cGeneral Book
040 _aRTL
_cRTL
_beng
041 _2eng
_aeng
082 _aXM5:8.1N6.N8, M4
110 _aOrganisation for economic co-opetation and development
_9333084
245 0 _aMerger policies and recent trends in mergers
260 _aParis
_bO E C D
_c1984
300 _a121p
_ccm.
650 _aCorporate MVPs
_9231840
700 _aOrganisation for economic co-opetation and development
_9333085
942 _hXM5:8.1N6.N8, M4
_cGB
_2CC
999 _c648118
_d648118